[Event "Pro Am 2009"]
[Site "Villa Martelli"]
[Date "2009.10.15"]
[Round "1.1"]
[White "Rodriguez Vila, Andres"]
[Black "Sotelo Rojas, Ruben"]
[Result "1-0"]
[WhiteElo "2527"]
[BlackElo "1961"]
[PlyCount "63"]
[EventDate "2009.10.15"]

1. e4 c5 2. Nc3 d6 3. f4 Nc6 4. Nf3 Bg4 5. Bc4 e6 6. O-O Be7 7. d3 a6 8. h3
Bxf3 9. Qxf3 b5 10. Bb3 Nd4 11. Qf2 Nf6 12. Be3 Nxb3 13. axb3 b4 14. Ne2 Nd7
15. d4 Nf6 16. Ng3 O-O 17. dxc5 dxc5 18. Bxc5 a5 19. Rad1 Qc7 20. Bxe7 Qxe7 21.
e5 Nd5 22. Nf5 Qa7 23. Nd4 Qb6 24. Rd3 Ne7 25. Rfd1 Rac8 26. R1d2 g6 27. Kh2
Nd5 28. Qh4 Qb7 29. f5 Qc7 30. Re2 exf5 31. Nxf5 Qd8 32. Qh6 1-0

[Event "Pro Am 2009"]
[Site "Villa Martelli"]
[Date "2009.10.15"]
[Round "1.2"]
[White "Micele, Omar"]
[Black "Slipak, Sergio"]
[Result "0-1"]
[WhiteElo "1932"]
[BlackElo "2468"]
[PlyCount "80"]
[EventDate "2009.10.15"]

1. d4 Nf6 2. c4 e6 3. Nc3 Bb4 4. Bd2 O-O 5. Nf3 c5 6. e3 cxd4 7. exd4 d5 8. c5
b6 9. a3 Bxc3 10. Bxc3 Ne4 11. cxb6 Nxc3 12. bxc3 axb6 13. Bd3 Ba6 14. O-O Nc6
15. Qc2 Bxd3 16. Qxd3 Na5 17. Nd2 Qc7 18. Rfc1 Rfc8 19. Qb5 g6 20. g3 Nc4 21.
Nxc4 Qxc4 22. Qxb6 Rab8 23. Qd6 Rb3 24. Rab1 Qxc3 25. Rxb3 Qxc1+ 26. Kg2 Qc7
27. Qb4 Qc4 28. Qb6 Kg7 29. Rb4 Qc2 30. Qd6 Qe4+ 31. Kh3 Rc2 32. Qe5+ Qxe5 33.
dxe5 Rxf2 34. a4 h5 35. a5 Ra2 36. g4 hxg4+ 37. Kxg4 Rxa5 38. h4 Ra1 39. Rb2
Re1 40. Kf4 Re4+ 0-1

[Event "Pro Am 2009"]
[Site "Villa Martelli"]
[Date "2009.10.15"]
[Round "1.3"]
[White "Hauzer, Jose"]
[Black "Obregon, Andres Carlos"]
[Result "0-1"]
[WhiteElo "1768"]
[BlackElo "2439"]
[PlyCount "36"]
[EventDate "2009.10.15"]

1. d4 d5 2. c4 c6 3. Nc3 Nf6 4. Nf3 e6 5. e3 Nbd7 6. Bd3 dxc4 7. Bxc4 b5 8. Bd3
Bd6 9. O-O O-O 10. e4 e5 11. Qc2 exd4 12. Nxd4 Ne5 13. Be2 Bc5 14. Nf3 Nxf3+
15. Bxf3 Qe7 16. Bg5 Bd6 17. Nxb5 cxb5 18. e5 Qxe5 0-1

[Event "Pro Am 2009"]
[Site "Villa Martelli"]
[Date "2009.10.15"]
[Round "1.4"]
[White "Iermito, Sebastian"]
[Black "Villarreal, Ivan Nicolas"]
[Result "1-0"]
[WhiteElo "2438"]
[BlackElo "1895"]
[PlyCount "69"]
[EventDate "2009.10.15"]

1. e4 d5 2. exd5 Qxd5 3. Nc3 Qa5 4. d4 c6 5. Nf3 Nf6 6. Bc4 Bf5 7. Bd2 e6 8.
Ne4 Qd8 9. Ng3 Bg6 10. h4 Nh5 11. Nxh5 Bxh5 12. Qe2 Nd7 13. O-O-O Nb6 14. Bd3
Qc7 15. Rhg1 Bg4 16. c3 O-O-O 17. Qe5 Bxf3 18. Qxc7+ Kxc7 19. gxf3 g6 20. h5
Rd5 21. Rh1 Bg7 22. Be4 Rdd8 23. Rh3 Nd7 24. Rdh1 Nf6 25. Bg5 gxh5 26. Bxf6
Bxf6 27. Rxh5 h6 28. f4 Bg7 29. Kc2 Kd6 30. b4 b5 31. a4 a6 32. f5 Rc8 33. a5
Rhf8 34. Rg1 Rg8 35. fxe6 1-0

[Event "Pro Am 2009"]
[Site "Villa Martelli"]
[Date "2009.10.15"]
[Round "1.5"]
[White "Frei, Alejandro"]
[Black "Scarella, Enrique Alejandr"]
[Result "0-1"]
[WhiteElo "1882"]
[BlackElo "2361"]
[PlyCount "78"]
[EventDate "2009.10.15"]

1. e4 d5 2. exd5 Nf6 3. Bb5+ Bd7 4. Bxd7+ Qxd7 5. c4 c6 6. Nf3 cxd5 7. O-O Nc6
8. d3 e6 9. a3 a5 10. Nc3 Be7 11. Bf4 O-O 12. h3 Rfd8 13. Qd2 dxc4 14. dxc4 Nd4
15. Ne5 Qe8 16. Qd1 a4 17. Rb1 Ra5 18. Qe1 Rc5 19. Qe3 Nc6 20. b4 axb3 21. Rxb3
Na5 22. Rb5 Nxc4 23. Nxc4 Rxb5 24. Nxb5 Qxb5 25. Rc1 Nd5 26. Qe5 Bf6 27. Qh5 g6
28. Qf3 Rc8 29. Nd6 Rxc1+ 30. Bxc1 Qb1 31. g3 Qxc1+ 32. Kh2 Qc6 33. Ne4 Be7 34.
Qb3 b5 35. h4 Qc4 36. Qf3 Qa2 37. Qd3 Qb2 38. Kg2 Bxa3 39. g4 Nf4+ 0-1

[Event "Pro Am 2009"]
[Site "Villa Martelli"]
[Date "2009.10.15"]
[Round "1.6"]
[White "Godoy, Carlos"]
[Black "Della Morte, German"]
[Result "0-1"]
[WhiteElo "2131"]
[BlackElo "2341"]
[PlyCount "50"]
[EventDate "2009.10.15"]

1. f4 Nf6 2. Nf3 g6 3. g3 Bg7 4. Bg2 O-O 5. d3 d5 6. O-O b6 7. Nc3 Bb7 8. Ne5
c5 9. e4 dxe4 10. dxe4 Qd4+ 11. Qxd4 cxd4 12. Nb5 Na6 13. Nxd4 Bxe4 14. Be3
Rac8 15. Bxe4 Nxe4 16. Rfd1 Nb4 17. c3 Nd5 18. Bf2 e6 19. a4 g5 20. c4 Bxe5 21.
cxd5 gxf4 22. Re1 exd5 23. Nf5 Rfe8 24. gxf4 Bxf4 25. Bh4 Rc2 0-1

[Event "Pro Am 2009"]
[Site "Villa Martelli"]
[Date "2009.10.15"]
[Round "1.7"]
[White "Barrionuevo, Pablo"]
[Black "Perez, Marcelo Raul"]
[Result "1-0"]
[WhiteElo "2327"]
[BlackElo "1738"]
[PlyCount "69"]
[EventDate "2009.10.15"]

1. d4 e6 2. c4 Nf6 3. Nf3 d5 4. Nc3 Bb4 5. cxd5 exd5 6. Bg5 h6 7. Bxf6 Qxf6 8.
Qb3 Qd6 9. a3 Bxc3+ 10. Qxc3 a5 11. e3 Nd7 12. Bd3 Nf6 13. Nd2 Be6 14. Rc1 c6
15. f3 O-O 16. O-O a4 17. Nb1 Rfd8 18. Qc2 Nd7 19. Nc3 Nb6 20. Ne2 Nd7 21. Nc3
Nb6 22. Qf2 Qd7 23. Rcd1 Bf5 24. e4 Bg6 25. Bc2 Qe7 26. Rfe1 Qg5 27. f4 Qh5 28.
f5 Bh7 29. e5 Re8 30. Re3 Nc4 31. Rh3 Qg5 32. Rg3 Qh5 33. Bd3 b5 34. Rf1 Ra7
35. Be2 1-0

[Event "Pro Am 2009"]
[Site "Villa Martelli"]
[Date "2009.10.15"]
[Round "1.8"]
[White "Morales, Marcos"]
[Black "Malbran, Guillermo"]
[Result "1/2-1/2"]
[WhiteElo "1731"]
[BlackElo "2195"]
[PlyCount "31"]
[EventDate "2009.10.15"]

1. e4 Nf6 2. e5 Nd5 3. Nc3 Nxc3 4. bxc3 d5 5. d4 c5 6. Nf3 Nc6 7. Be2 c4 8. a4
Qa5 9. O-O e6 10. Bd2 Be7 11. Qb1 Bd7 12. Qb5 b6 13. Rfb1 f6 14. Qxa5 Nxa5 15.
Bf4 f5 16. h4 1/2-1/2

[Event "Pro Am 2009"]
[Site "Villa Martelli"]
[Date "2009.10.15"]
[Round "1.9"]
[White "Zuriel, Marisa"]
[Black "Medone, Raul"]
[Result "1-0"]
[WhiteElo "2184"]
[BlackElo "1701"]
[PlyCount "43"]
[EventDate "2009.10.15"]

1. e4 e5 2. Nf3 Nc6 3. Bb5 a6 4. Ba4 Nf6 5. O-O Nxe4 6. d4 d5 7. Nxe5 Bd7 8.
Nxf7 Qh4 9. Nxh8 Bd6 10. f4 g5 11. Nc3 gxf4 12. Nxe4 dxe4 13. Qe1 Qxe1 14. Rxe1
e3 15. Bxe3 fxe3 16. Rxe3+ Kf8 17. Rf1+ Kg7 18. Rf7+ Kxh8 19. Rxd7 b5 20. Bb3
Nxd4 21. Rh3 Nxb3 22. Rdxh7+ 1-0

[Event "Pro Am 2009"]
[Site "Villa Martelli"]
[Date "2009.10.15"]
[Round "1.10"]
[White "Anelli, Antonio"]
[Black "Antonel, Lucas"]
[Result "1-0"]
[WhiteElo "2176"]
[BlackElo "1880"]
[PlyCount "65"]
[EventDate "2009.10.15"]

1. d4 Nf6 2. c4 c5 3. d5 e6 4. Nc3 exd5 5. cxd5 d6 6. Nf3 g6 7. g3 Bg7 8. Bg2
O-O 9. O-O Re8 10. Nd2 Nbd7 11. Rb1 a6 12. a4 Rb8 13. Qc2 b5 14. axb5 axb5 15.
b4 Ba6 16. Re1 Ng4 17. Bb2 cxb4 18. Na2 Nde5 19. h3 Rc8 20. Qb3 Nc4 21. Bxg7
Nxd2 22. Qb2 Nc4 23. Qa1 f6 24. hxg4 Kxg7 25. Nxb4 Bb7 26. g5 Re5 27. gxf6+
Qxf6 28. Nd3 Ra8 29. Qd4 Na3 30. Nxe5 Nxb1 31. Qb6 Ba6 32. Ng4 Qg5 33. Qd4+ 1-0

[Event "Pro Am 2009"]
[Site "Villa Martelli"]
[Date "2009.10.15"]
[Round "1.11"]
[White "Alegre, Eugenia"]
[Black "Bulcourf, Carlos"]
[Result "0-1"]
[WhiteElo "1808"]
[BlackElo "2160"]
[PlyCount "88"]
[EventDate "2009.10.15"]

1. d4 d5 2. Nf3 Bf5 3. Bf4 e6 4. e3 c5 5. c3 Nc6 6. Ne5 Nxe5 7. Bxe5 f6 8. Bg3
Qb6 9. Qb3 c4 10. Qxb6 axb6 11. Nd2 b5 12. Be2 h5 13. h4 Kd7 14. f3 Nh6 15. Bf2
e5 16. e4 dxe4 17. Nxe4 exd4 18. Bxd4 Kc6 19. Kf2 Nf7 20. a4 bxa4 21. Bxc4 Nd6
22. Nxd6 Bxd6 23. Rhd1 Bc2 24. Rd2 Bb3 25. Bd3 Rad8 26. Be4+ Kc7 27. Be3 Rhe8
28. g3 b6 29. Bd4 Bc5 30. Bg6 Re5 31. Re1 Red5 32. Bf7 Rxd4 33. cxd4 Rxd4 34.
Rxd4 Bxd4+ 35. Kg2 Bxf7 36. Re7+ Kc6 37. Rxf7 Bxb2 38. Rxg7 a3 39. Ra7 b5 40.
g4 b4 41. g5 fxg5 42. hxg5 b3 43. g6 a2 44. g7 Bxg7 0-1

[Event "Pro Am 2009"]
[Site "Villa Martelli"]
[Date "2009.10.15"]
[Round "1.12"]
[White "Santi, Marcelo"]
[Black "Restuccia, Francisco"]
[Result "0-1"]
[WhiteElo "1667"]
[BlackElo "2156"]
[PlyCount "46"]
[EventDate "2009.10.15"]

1. d4 Nf6 2. Nf3 g6 3. e3 Bg7 4. Bd3 O-O 5. O-O d6 6. Nbd2 Qe8 7. Re1 e5 8. e4
Nh5 9. dxe5 dxe5 10. b3 Qe7 11. Nc4 Rd8 12. Bb2 Nc6 13. Ne3 Nf4 14. Qd2 Be6 15.
Nd5 Bxd5 16. exd5 Rxd5 17. Re4 Nxd3 18. cxd3 Qd7 19. Rd1 f5 20. Rh4 Rd8 21. d4
e4 22. Ng5 Nxd4 23. Re1 Nf3+ 0-1

[Event "Pro Am 2009"]
[Site "Villa Martelli"]
[Date "2009.10.15"]
[Round "1.13"]
[White "Juarez, Carlos Eleodoro"]
[Black "Medina, Lihue"]
[Result "0-1"]
[WhiteElo "2123"]
[BlackElo "1794"]
[PlyCount "82"]
[EventDate "2009.10.15"]

1. e4 d6 2. d4 g6 3. Nf3 Bg7 4. Nc3 Nf6 5. Bg5 h6 6. Bf4 O-O 7. Qd2 Kh7 8. h3
c5 9. Be3 cxd4 10. Nxd4 Nc6 11. O-O-O Bd7 12. Bc4 Rc8 13. Bb3 Ne5 14. f3 Nc4
15. Bxc4 Rxc4 16. g4 Qa5 17. Kb1 Rfc8 18. Nb3 Qc7 19. h4 b5 20. Rc1 b4 21. Ne2
a5 22. g5 Nh5 23. gxh6 Bh8 24. Bd4 e5 25. Be3 a4 26. Na1 Be6 27. Rhd1 d5 28.
exd5 Bf5 29. b3 axb3 30. axb3 Qa5 31. Bb6 Qa3 32. Qe3 Ra8 33. Ba7 Rxa7 34. Qxa7
Qxa7 35. bxc4 e4 36. Nb3 Qa3 37. Ned4 exf3 38. Rd3 Bxd4 39. Nxd4 Bxd3 40. Nb5
Qb3+ 41. Ka1 Qxc4 0-1

[Event "Pro Am 2009"]
[Site "Villa Martelli"]
[Date "2009.10.15"]
[Round "1.14"]
[White "Perez, Mario Abel"]
[Black "Pak, Eduardo"]
[Result "1-0"]
[WhiteElo "2107"]
[BlackElo "1630"]
[PlyCount "59"]
[EventDate "2009.10.15"]

1. d4 d5 2. Nf3 Nf6 3. Bg5 e6 4. e3 Be7 5. Bd3 h6 6. Bf4 Bd6 7. Ne5 Nbd7 8. Nd2
O-O 9. g4 Nh7 10. h4 Bxe5 11. dxe5 f6 12. exf6 Nhxf6 13. g5 e5 14. Bg3 e4 15.
Be2 Ne8 16. gxh6 g6 17. Nb3 Ndf6 18. Qd4 Qe7 19. O-O-O c6 20. Rdg1 Bf5 21. Bf4
Kh7 22. Rg5 Nc7 23. Bxc7 Qxc7 24. Rhg1 Qe7 25. Rxf5 gxf5 26. Rg7+ Qxg7 27. hxg7
Kxg7 28. Nc5 Rf7 29. Qe5 Re8 30. Qxf5 1-0

[Event "Pro Am 2009"]
[Site "Villa Martelli"]
[Date "2009.10.15"]
[Round "1.15"]
[White "Abate, Tomas"]
[Black "Godoy, Luciano"]
[Result "0-1"]
[WhiteElo "1601"]
[BlackElo "2101"]
[PlyCount "64"]
[EventDate "2009.10.15"]

1. d4 e6 2. c4 Bb4+ 3. Bd2 Qe7 4. Nf3 Nf6 5. a3 Bxd2+ 6. Qxd2 b6 7. e3 Bb7 8.
Be2 Ne4 9. Qc2 O-O 10. Bd3 f5 11. Nbd2 Nxd2 12. Qxd2 d6 13. O-O-O Nd7 14. Rhg1
b5 15. b3 bxc4 16. Bxc4 d5 17. Bb5 Qxa3+ 18. Qb2 Qe7 19. Bxd7 Qxd7 20. Ne5 Qd6
21. Rd3 a5 22. Kc2 f4 23. exf4 Rxf4 24. Rf3 Re4 25. Re3 c5 26. Rxe4 dxe4 27.
Rd1 Rd8 28. Qa3 Bd5 29. Qxc5 Qa6 30. Kb2 Rc8 31. Qxc8+ Qxc8 32. Rc1 Qb7 0-1

[Event "Pro Am 2009"]
[Site "Villa Martelli"]
[Date "2009.10.15"]
[Round "1.16"]
[White "Ferraro, Oscar Anibal"]
[Black "Lopez Rebert, Pablo"]
[Result "0-1"]
[WhiteElo "1768"]
[BlackElo "2099"]
[PlyCount "41"]
[EventDate "2009.10.15"]

1. d4 d5 2. e3 Nc6 3. Nf3 Bg4 4. c4 e6 5. Nc3 Nf6 6. cxd5 exd5 7. Bd3 Bd6 8.
O-O Qd7 9. Qe2 O-O-O 10. a3 Rhe8 11. Bb5 a6 12. Bxc6 Qxc6 13. Bd2 Ne4 14. Rfd1
Re6 15. Rac1 Qd7 16. h3 Bxh3 17. Nxe4 dxe4 18. Ng5 Rg6 19. Nxh3 Qxh3 20. f4
exf3 21. Qxf3 0-1

[Event "Pro Am 2009"]
[Site "Villa Martelli"]
[Date "2009.10.15"]
[Round "1.17"]
[White "Alvarez, Roberto"]
[Black "Ariganello, Sebastian"]
[Result "1/2-1/2"]
[WhiteElo "2097"]
[BlackElo "1716"]
[PlyCount "95"]
[EventDate "2009.10.15"]

1. d4 Nf6 2. Nf3 e6 3. e3 b6 4. Bd3 Bb7 5. Nbd2 Be7 6. b3 c5 7. Bb2 cxd4 8.
exd4 O-O 9. O-O Nc6 10. c4 d5 11. Qe2 dxc4 12. bxc4 Rc8 13. Rad1 Qc7 14. Rfe1
Rfd8 15. Bb1 Na5 16. Ne5 Bb4 17. Rc1 Nc6 18. Nef3 Qf4 19. Qe3 Qxe3 20. fxe3 Na5
21. a3 Bxd2 22. Nxd2 Ba6 23. Ba2 Rc7 24. d5 exd5 25. Bxf6 gxf6 26. cxd5 Rcd7
27. Rc3 Nb7 28. e4 Nc5 29. Rg3+ Kh8 30. Bb1 f5 31. exf5 Rxd5 32. Ne4 Nxe4 33.
Bxe4 Rd1 34. Rxd1 Rxd1+ 35. Kf2 Rd4 36. Re3 Kg7 37. f6+ Kxf6 38. Bxh7 Rh4 39.
Bd3 Bxd3 40. Rxd3 Rxh2 41. Rd7 Rh8 42. Rxa7 Rb8 43. a4 b5 44. a5 b4 45. a6 b3
46. Rb7 Ra8 47. Rxb3 Rxa6 48. Rh3 1/2-1/2

[Event "Pro Am 2009"]
[Site "Villa Martelli"]
[Date "2009.10.17"]
[Round "2.1"]
[White "Lopez Rebert, Pablo"]
[Black "Rodriguez Vila, Andres"]
[Result "0-1"]
[WhiteElo "2099"]
[BlackElo "2527"]
[PlyCount "54"]
[EventDate "2009.10.15"]

1. e4 e6 2. d4 d5 3. Nd2 Nf6 4. Bd3 c5 5. e5 Nfd7 6. c3 Nc6 7. Ndf3 cxd4 8.
cxd4 f6 9. exf6 Nxf6 10. Ne2 Bd6 11. Bg5 Qa5+ 12. Kf1 O-O 13. a3 Bd7 14. b4 Qb6
15. Nc3 Ng4 16. Bh4 Nxd4 17. Bxh7+ Kxh7 18. Ng5+ Kg8 19. Qxg4 Qa6+ 20. Kg1 Qd3
21. Rd1 Qxc3 22. Qh5 Qc2 23. Rxd4 Rac8 24. Rd1 Rc4 25. Bg3 Be7 26. h4 Be8 27.
Rd2 Bxh5 0-1

[Event "Pro Am 2009"]
[Site "Villa Martelli"]
[Date "2009.10.17"]
[Round "2.2"]
[White "Slipak, Sergio"]
[Black "De Cesare, Ricardo"]
[Result "1-0"]
[WhiteElo "2468"]
[BlackElo "2073"]
[PlyCount "111"]
[EventDate "2009.10.15"]

1. Nf3 Nf6 2. b3 d6 3. d4 g6 4. Bb2 Bg7 5. g3 O-O 6. Bg2 c6 7. O-O Nbd7 8. Nbd2
Re8 9. e4 e5 10. dxe5 Nxe5 11. Nxe5 dxe5 12. Nc4 Qe7 13. Qd6 Nd7 14. Rad1 Bf8
15. Qxe7 Rxe7 16. Nd6 Nb6 17. Nxc8 Rxc8 18. Bh3 Ra8 19. Rd3 f6 20. Rfd1 Kf7 21.
a4 a5 22. Bc1 Rc7 23. Be3 c5 24. f4 exf4 25. gxf4 Re8 26. e5 f5 27. Bg2 h6 28.
c4 Be7 29. Bd2 Ra8 30. Bc3 Ra6 31. Re1 Ke8 32. e6 Nc8 33. Rd7 Rxd7 34. exd7+
Kxd7 35. Bxb7 Ra7 36. Bxc8+ Kxc8 37. Re6 Rb7 38. Bxa5 Kd7 39. Rxg6 Rxb3 40. Bb6
Rb4 41. a5 Rxc4 42. a6 Ra4 43. a7 Kc8 44. Rg8+ Kb7 45. Rb8+ Kc6 46. Kg2 Ra2+
47. Kf3 Ra3+ 48. Ke2 Ra2+ 49. Kd3 Ra3+ 50. Kc4 Ra4+ 51. Kb3 Ra6 52. a8=Q+ Rxa8
53. Rxa8 Kxb6 54. Rh8 Kc6 55. Kc4 Kd7 56. Kd5 1-0

[Event "Pro Am 2009"]
[Site "Villa Martelli"]
[Date "2009.10.17"]
[Round "2.3"]
[White "Obregon, Andres Carlos"]
[Black "Garcia, Ezequiel"]
[Result "1-0"]
[WhiteElo "2439"]
[BlackElo "2045"]
[PlyCount "41"]
[EventDate "2009.10.15"]

1. e4 e5 2. Nf3 d6 3. d4 Nd7 4. Nc3 c6 5. Bc4 Be7 6. dxe5 dxe5 7. Ng5 Bxg5 8.
Qh5 Qe7 9. Bxg5 Ngf6 10. Qh4 h6 11. O-O O-O 12. Be3 b5 13. Bb3 Nc5 14. f4 b4
15. fxe5 Qxe5 16. Nd5 Ncd7 17. Rf5 Qxb2 18. Ne7+ Kh7 19. Rd1 c5 20. e5 Qc3 21.
Bd2 1-0

[Event "Pro Am 2009"]
[Site "Villa Martelli"]
[Date "2009.10.17"]
[Round "2.4"]
[White "Leeuw, Pablo"]
[Black "Iermito, Sebastian"]
[Result "0-1"]
[WhiteElo "2066"]
[BlackElo "2438"]
[PlyCount "70"]
[EventDate "2009.10.15"]

1. e4 c5 2. Nf3 d6 3. Bb5+ Bd7 4. Bxd7+ Qxd7 5. O-O Nc6 6. c4 Nf6 7. Nc3 g6 8.
d4 cxd4 9. Nxd4 Bg7 10. Nc2 O-O 11. Rb1 Rac8 12. Qe2 Rfd8 13. Rd1 e6 14. Bf4
Qe7 15. Nb5 Ne8 16. Qd2 Ne5 17. b3 a6 18. Nc3 b5 19. cxb5 Qc7 20. bxa6 Qxc3 21.
Qxc3 Rxc3 22. Na3 Nc7 23. a7 Nc6 24. Rbc1 Nxa7 25. Rxc3 Bxc3 26. Rc1 Ncb5 27.
Nxb5 Nxb5 28. a4 Nd4 29. Kf1 Ba5 30. b4 Bxb4 31. Rc4 Bc5 32. e5 Rb8 33. g3 Rb1+
34. Kg2 Rb4 35. Rc1 Ne2 0-1

[Event "Pro Am 2009"]
[Site "Villa Martelli"]
[Date "2009.10.17"]
[Round "2.5"]
[White "Scarella, Enrique Alejandr"]
[Black "Galleto, Ricardo"]
[Result "1-0"]
[WhiteElo "2361"]
[BlackElo "2041"]
[PlyCount "125"]
[EventDate "2009.10.15"]

1. Nf3 g6 2. e4 Bg7 3. d4 d6 4. Be2 Nf6 5. Nc3 O-O 6. O-O Nc6 7. d5 Nb8 8. Bg5
h6 9. Bf4 Nh5 10. Be3 e5 11. dxe6 fxe6 12. Qd2 Kh7 13. e5 dxe5 14. Qxd8 Rxd8
15. Rfd1 Bd7 16. Ne4 b6 17. Bc4 Re8 18. g3 Bc6 19. Bd3 Nf6 20. Nfd2 Nbd7 21. h4
Nxe4 22. Bxe4 Bxe4 23. Nxe4 Rad8 24. Kg2 Nf6 25. Kf3 Nd5 26. a3 Rf8+ 27. Ke2
Nf6 28. f3 Nxe4 29. fxe4 Bf6 30. a4 Rxd1 31. Rxd1 Rd8 32. Rf1 Rf8 33. a5 Be7
34. Rxf8 Bxf8 35. Kd3 Kg8 36. Kc4 Kf7 37. Kb5 Ke8 38. Kc6 Kd8 39. a6 Kc8 40. c3
h5 41. b4 Bg7 42. Bg5 Bh8 43. c4 Bg7 44. Bd2 Bf8 45. Bc3 Bg7 46. b5 Bf6 47. Bb2
Bg7 48. Ba3 Bh6 49. Bb2 Bg7 50. Bc3 Bf6 51. Bb4 g5 52. hxg5 Bxg5 53. c5 Be3 54.
cxb6 cxb6 55. Bd6 Bd4 56. Bc7 Bf2 57. Bxe5 Bc5 58. Bf4 Be7 59. Be3 Bd8 60. Bd4
Be7 61. e5 Bf8 62. Bxb6 axb6 63. Kxb6 1-0

[Event "Pro Am 2009"]
[Site "Villa Martelli"]
[Date "2009.10.17"]
[Round "2.6"]
[White "Della Morte, German"]
[Black "Sosa, Tomas"]
[Result "1-0"]
[WhiteElo "2341"]
[BlackElo "1983"]
[PlyCount "113"]
[EventDate "2009.10.15"]

1. e4 c5 2. Nf3 d6 3. d4 cxd4 4. Nxd4 Nf6 5. Nc3 g6 6. Be3 Bg7 7. f3 O-O 8. Qd2
Nc6 9. Bc4 Bd7 10. O-O-O Ne5 11. Bb3 Qa5 12. Kb1 Rfc8 13. g4 Nc4 14. Bxc4 Rxc4
15. Nb3 Qa6 16. e5 Ne8 17. Nd5 dxe5 18. Nxe7+ Kh8 19. Nc5 Rxc5 20. Bxc5 Be6 21.
b3 Qb5 22. Qb4 Qa6 23. h4 h6 24. h5 g5 25. Nf5 Bxf5 26. gxf5 Rc8 27. Bf8 Qc6
28. Bxg7+ Kxg7 29. Qe4 Qxe4 30. fxe4 Nf6 31. Rde1 Rd8 32. Kc1 Rd4 33. Rh3 Rxe4
34. Rxe4 Nxe4 35. Re3 Nd6 36. Rxe5 Kf6 37. Rd5 Nxf5 38. Rd7 Ng3 39. Rxb7 Nxh5
40. c4 Nf4 41. Kd2 Ke6 42. c5 Nd5 43. c6 h5 44. Rb5 Nc7 45. Rxg5 Kd6 46. Rxh5
Kxc6 47. Rf5 Nd5 48. Rxf7 a5 49. Rf5 Kd6 50. Rh5 Kc6 51. Kc2 Nb4+ 52. Kb2 Kb6
53. a3 Nc6 54. Kc3 Ka6 55. Kc4 Kb6 56. Rb5+ Ka6 57. Kc5 1-0

[Event "Pro Am 2009"]
[Site "Villa Martelli"]
[Date "2009.10.17"]
[Round "2.7"]
[White "Picollo, Pablo"]
[Black "Barrionuevo, Pablo"]
[Result "0-1"]
[WhiteElo "2009"]
[BlackElo "2327"]
[PlyCount "108"]
[EventDate "2009.10.15"]

1. e4 c5 2. Nf3 Nc6 3. Nc3 g6 4. Bc4 Bg7 5. O-O d6 6. h3 Nf6 7. d3 O-O 8. Be3
Na5 9. Bb3 e5 10. Bd5 Rb8 11. a3 Nxd5 12. Nxd5 Nc6 13. b4 b6 14. c3 h6 15. Qd2
Kh7 16. b5 Na5 17. Rab1 f5 18. Qe2 f4 19. Bd2 g5 20. Nh2 Bd7 21. c4 Nb7 22. a4
Qe8 23. f3 Nd8 24. a5 Ne6 25. axb6 Nd4 26. Qf2 axb6 27. Rb2 Qg6 28. Ra1 Be6 29.
Nc7 Bc8 30. Nd5 Rf7 31. Ra3 h5 32. Rba2 Be6 33. Nc3 Bf6 34. Ra7 Qg7 35. Rxf7
Qxf7 36. Nd5 Bd8 37. Bc3 Kh6 38. Bxd4 exd4 39. Qd2 Bxd5 40. exd5 Qe8 41. Nf1
Bf6 42. Qe2 Kg6 43. Qxe8+ Rxe8 44. Ra6 Bd8 45. Kf2 g4 46. hxg4 Bh4+ 47. g3
fxg3+ 48. Nxg3 hxg4 49. Rxb6 Re3 50. Rxd6+ Kf7 51. b6 Rxf3+ 52. Kg2 Rxg3+ 53.
Kh2 Rxd3 54. b7 Bg3+ 0-1

[Event "Pro Am 2009"]
[Site "Villa Martelli"]
[Date "2009.10.17"]
[Round "2.8"]
[White "Rasgido, Alejandro"]
[Black "Zuriel, Marisa"]
[Result "1/2-1/2"]
[WhiteElo "2002"]
[BlackElo "2184"]
[PlyCount "41"]
[EventDate "2009.10.15"]

1. d4 Nf6 2. Bg5 e6 3. e4 c5 4. Nf3 Qb6 5. Bxf6 gxf6 6. b3 cxd4 7. Qxd4 Qxd4 8.
Nxd4 Nc6 9. c3 Bc5 10. Nxc6 bxc6 11. Be2 d5 12. Nd2 Ke7 13. O-O Bb7 14. Rfe1
Bb6 15. Bf3 Rhd8 16. exd5 cxd5 17. c4 Rab8 18. cxd5 Ba5 19. Re2 Bxd5 20. Bxd5
Rxd5 21. Nc4 1/2-1/2

[Event "Pro Am 2009"]
[Site "Villa Martelli"]
[Date "2009.10.17"]
[Round "2.9"]
[White "Medina, Lihue"]
[Black "Anelli, Antonio"]
[Result "0-1"]
[WhiteElo "1794"]
[BlackElo "2176"]
[PlyCount "72"]
[EventDate "2009.10.15"]

1. c4 Nf6 2. Nc3 c5 3. Nf3 Nc6 4. d4 cxd4 5. Nxd4 g6 6. e4 Nxd4 7. Qxd4 d6 8.
Be3 Bg7 9. f3 O-O 10. Qd2 Be6 11. Be2 Qa5 12. O-O Rfc8 13. Nd5 Qxd2 14. Bxd2
Nxd5 15. exd5 Bd7 16. Bc3 Bxc3 17. bxc3 Rc5 18. Rab1 b6 19. Rfd1 Rac8 20. Rd4
Ra5 21. Rb2 Ra3 22. Re4 e5 23. Re3 f5 24. g4 f4 25. Rd3 Rxc4 26. Rb3 Rxa2 27.
Rd2 Rca4 28. Rxa2 Rxa2 29. Bc4 Kf8 30. Bd3 Ke7 31. h4 Kf6 32. Bb1 Ra1 33. Kf2
h6 34. Ke2 g5 35. h5 Ra4 36. Be4 Bxg4 0-1

[Event "Pro Am 2009"]
[Site "Villa Martelli"]
[Date "2009.10.17"]
[Round "2.10"]
[White "Bulcourf, Carlos"]
[Black "Quinzio, Martin"]
[Result "1-0"]
[WhiteElo "2160"]
[BlackElo "1972"]
[PlyCount "109"]
[EventDate "2009.10.15"]

1. Nf3 Nf6 2. d4 e6 3. Bf4 d5 4. e3 c5 5. c3 Nc6 6. Nbd2 Bd6 7. dxc5 Bxc5 8.
Bd3 Nh5 9. Ne5 Nxf4 10. exf4 Nxe5 11. fxe5 Qg5 12. Nf3 Qxg2 13. Rf1 g5 14. Qe2
g4 15. Nd4 Bd7 16. O-O-O Qxh2 17. Qe3 f6 18. exf6 O-O-O 19. Rde1 Qd6 20. Qh6 e5
21. Nf5 Qc7 22. Ne7+ Bxe7 23. fxe7 Rde8 24. Qg5 e4 25. Be2 h5 26. Rh1 Qd6 27.
Rxh5 Rxh5 28. Qxh5 Rxe7 29. Qh8+ Re8 30. Qd4 Kb8 31. Rg1 Qf4+ 32. Kd1 Re5 33.
b3 Rf5 34. Rxg4 Qxf2 35. Rg8+ Bc8 36. Qxf2 Rxf2 37. Bg4 Kc7 38. Rxc8+ Kd6 39.
Rd8+ Ke5 40. Re8+ Kd6 41. Re6+ Kc7 42. Re7+ Kd6 43. Re6+ Kc7 44. Be2 Kd7 45.
Rh6 Rg2 46. Kd2 Rg3 47. Rh5 Rg1 48. Ke3 Rc1 49. Kd4 Rc2 50. Bg4+ Ke7 51. a4
Rd2+ 52. Ke5 Rb2 53. Rh7+ Kf8 54. Be6 e3 55. Bxd5 1-0

[Event "Pro Am 2009"]
[Site "Villa Martelli"]
[Date "2009.10.17"]
[Round "2.11"]
[White "Restuccia, Francisco"]
[Black "Pradines, Emmanuel"]
[Result "1-0"]
[WhiteElo "2156"]
[BlackElo "1970"]
[PlyCount "75"]
[EventDate "2009.10.15"]

1. e4 d6 2. Nc3 g6 3. f4 Bg7 4. Nf3 c5 5. Bc4 Nc6 6. O-O e6 7. Qe1 Nge7 8. f5
gxf5 9. d3 Ne5 10. Nxe5 Bxe5 11. Bg5 Rg8 12. Qh4 Qc7 13. exf5 Nxf5 14. Rxf5
exf5 15. Nd5 Qc6 16. Bb5 Qxb5 17. Nc7+ Kd7 18. Nxb5 a6 19. Nc3 Kc6 20. Rf1 Be6
21. Ne2 f6 22. Bf4 d5 23. Bxe5 fxe5 24. Qf6 Rae8 25. Qxe5 Bd7 26. Qf6+ Re6 27.
Qf7 Rge8 28. Nf4 Re5 29. Qxh7 b5 30. Qg6+ Kb7 31. Qd6 Bc6 32. Qxc5 Rc8 33. d4
Re4 34. Nd3 Re2 35. Rxf5 Rd2 36. Ne5 Rc7 37. Nxc6 Rxc6 38. Rf7+ 1-0

[Event "Pro Am 2009"]
[Site "Villa Martelli"]
[Date "2009.10.17"]
[Round "2.13"]
[White "Godoy, Luciano"]
[Black "Mirada, Luciano"]
[Result "1/2-1/2"]
[WhiteElo "2101"]
[BlackElo "1784"]
[PlyCount "74"]
[EventDate "2009.10.15"]

1. d4 Nf6 2. Nf3 e6 3. Bg5 d5 4. Nbd2 Be7 5. e3 O-O 6. Bd3 Nbd7 7. O-O c5 8. c3
c4 9. Bc2 b5 10. Ne5 Bb7 11. f4 a5 12. Nxd7 Qxd7 13. Qf3 h6 14. Bxf6 Bxf6 15.
g4 Qe7 16. Qh3 Bh4 17. Nf3 g5 18. Nxh4 gxh4 19. g5 f5 20. Qxh4 hxg5 21. Qxg5+
Qxg5+ 22. fxg5 Bc6 23. Kg2 Kg7 24. Kg3 Rh8 25. h4 Be8 26. Rh1 Bh5 27. Bd1 Bxd1
28. Raxd1 Rh5 29. Rh3 Rb8 30. Kf4 Kg6 31. Ke5 Rb6 32. Rd2 b4 33. Re2 b3 34. a3
Rc6 35. Re1 a4 36. Re2 Rb6 37. Re1 Rc6 1/2-1/2

[Event "Pro Am 2009"]
[Site "Villa Martelli"]
[Date "2009.10.17"]
[Round "2.15"]
[White "Audisio, Cristobal"]
[Black "Alvarez, Roberto"]
[Result "0-1"]
[WhiteElo "1851"]
[BlackElo "2097"]
[PlyCount "24"]
[EventDate "2009.10.15"]

1. e4 d6 2. f4 g6 3. Nf3 Bg7 4. Bc4 e6 5. c3 Ne7 6. d4 Nd7 7. e5 d5 8. Bd3 c5
9. O-O Nc6 10. Nbd2 Qb6 11. dxc5 Nxc5 12. Bc2 Nb3+ 0-1